|
|
|
|
| LEADER |
00000naa2a2200000 4500 |
| 001 |
504228 |
| 005 |
20240129110306.0 |
| 035 |
|
|
|a (RuTPU)RU\TPU\prd\175006
|
| 035 |
|
|
|a RU\TPU\prd\171808
|
| 090 |
|
|
|a 504228
|
| 100 |
|
|
|a 20130415a1999 k y0rusy50 ca
|
| 101 |
0 |
|
|a rus
|
| 102 |
|
|
|a RU
|
| 200 |
1 |
|
|a Лазерная диагностика гранулометрического состава дисперсной фазы плазмы горения пиротехнических составов
|f И. А. Тихомиров [и др.]
|
| 461 |
|
0 |
|0 (RuTPU)RU\TPU\prd\1487
|t Заводская лаборатория. Диагностика материалов
|f Издательство "Тест-ЗЛ"
|d 1995-
|
| 463 |
|
0 |
|0 (RuTPU)RU\TPU\prd\82538
|t № 3
|v С. 24-27
|d 1999
|
| 610 |
1 |
|
|a труды учёных ТПУ
|
| 701 |
|
1 |
|a Тихомиров
|b И. А.
|c российский физик
|c доктор физико-математических наук, профессор Томского политехнического университета
|f 1921-2010
|g Иван Арсентьевич
|3 (RuTPU)RU\TPU\pers\18334
|4 070
|
| 701 |
|
1 |
|a Цимбал
|b В. Н.
|
| 701 |
|
1 |
|a Мышкин
|b В. Ф.
|c физик
|c профессор Томского политехнического университета, доктор физико-математических наук
|f 1962-
|g Вячеслав Фёдорович
|3 (RuTPU)RU\TPU\pers\26858
|4 070
|9 12476
|
| 701 |
|
1 |
|a Хан
|b В. А.
|c физик
|c доцент Томского политехнического университета, доктор технических наук
|f 1952-
|g Валерий Алексеевич
|3 (RuTPU)RU\TPU\pers\31144
|9 15340
|
| 701 |
|
1 |
|a Кемельбеков
|b Б. Ж.
|
| 801 |
|
1 |
|a RU
|b 63413507
|c 20130124
|
| 801 |
|
2 |
|a RU
|b 63413507
|c 20140228
|g RCR
|
| 942 |
|
|
|c BK
|